Most Populous US Cities by State - Letter A - Statistics

General Stats
  • This quiz has been taken 131 times
    57 since last reset
  • The average score is 15 of 50
Answer Stats
State City Population Answer % Correct
Alaska 291,131 Anchorage
100%
Georgia 514,457 Atlanta
92%
New Mexico 568,301 Albuquerque
84%
Michigan 125,835 Ann Arbor
84%
Texas 996,147 Austin
84%
California 348,936 Anaheim
82%
Ohio 188,741 Akron
80%
New York 99,498 Albany
80%
Colorado 389,497 Aurora
78%
Pennsylvania 127,407 Allentown
72%
Virginia 244,847 Arlington
72%
Illinois 177,070 Aurora
72%
North Carolina 96,829 Asheville
54%
Wisconsin 76,248 Appleton
50%
Alabama 80,695 Auburn
48%
New Jersey 38,285 Atlantic City
38%
Louisiana 44,785 Alexandria
34%
South Dakota 28,975 Aberdeen
32%
Iowa 72,347 Ankeny
30%
Indiana 54,520 Anderson
28%
Maine 24,263 Auburn
26%
Arizona 91,954 Avondale
26%
Montana 9,421 Anaconda
22%
Minnesota 57,832 Apple Valley
22%
Arkansas 10,314 Arkadelphia
22%
Oregon 57,734 Albany
18%
Massachusetts 47,035 Attleboro
18%
Washington 90,672 Auburn
14%
South Carolina 32,525 Aiken
8%
Florida 95,320 Alafaya
6%
Nebraska 8,151 Alliance
6%
Oklahoma 24,813 Ardmore
6%
Kentucky 21,613 Ashland
6%
New Hampshire* 11,753 Amherst
4%
Kansas 15,512 Andover
4%
Connecticut 18,852 Ansonia
4%
Tennessee 15,155 Arlington
4%
Hawaii 10,622 Aiea
2%
Utah 34,751 American Fork
2%
Vermont* 2,457 Arlington
2%
Missouri 20,868 Arnold
2%
Wyoming* 2,172 Afton
0%
Nevada* 1,064 Amargosa Valley
0%
Idaho 18,470 Ammon
0%
Mississippi 6,666 Amory
0%
West Virginia* 1,290 Ansted
0%
Delaware* 430 Arden
0%
Rhode Island* 1,501 Ashaway
0%
North Dakota 606 Ashley
0%
Maryland* 51,523 Aspen Hill
0%
No matching quizzes found
Score Distribution
Percent of People with Each Score
Percentile by Number Answered
Your Score History
You have not taken this quiz since the last reset